[Event "2024 New Year TNM: 2000+"]
[Site "San Francisco"]
[Date "2024.01.30"]
[Round "4.1"]
[White "Winslow, Elliott"]
[Black "Yan, Ruiyang"]
[Result "0-1"]
[WhiteElo "2182"]
[BlackElo "2357"]
[Annotator "Winslow,Elliott"]
[PlyCount "132"]
[EventDate "2024.01.09"]
[EventType "swiss"]
[EventRounds "7"]

1. Nf3 Nf6 2. c4 e6 3. Nc3 d5 4. d4 a6 5. cxd5 exd5 6. Bf4 c5 7. e3 Nc6 8. Be2 {[#]} h6 {Taking the "not losing a tempo with ...Bf8-d6xc5" a bit far, but it seems to be the fad these days. Starting with 4...a6. (Carlsen and others have played 4...h6!? -- and look at our own Board 3!)} (8... c4 $5 9. O-O Bb4 10. Bg5 Be6 11. Ne5 Qa5 12. Bxf6 gxf6 13. Nxc6 bxc6 14. Na4 O-O 15. b3 Rab8 16. Qc2 Rfc8 17. bxc4 dxc4 18. a3 Bd6 19. Bxc4 Bf5 20. Qd1 Bg6 21. Nc5 Bxc5 22. dxc5 Rd8 23. Qf3 Qxc5 24. Bxa6 Ra8 25. Bb7 Ra7 26. Qxc6 Qe7 27. Ba6 Rda8 28. Bc4 Be4 29. Bd5 Ra6 30. Qc4 Ra4 31. Qb3 Rxa3 32. Rxa3 Rxa3 33. Bxf7+ Kf8 34. Qe6 Bxg2 35. Kxg2 Qxf7 36. Qd6+ Qe7 37. Qb8+ Qe8 38. Qf4 Qc6+ 39. Kg3 Ra5 40. h4 Kf7 41. Rd1 Ra8 42. e4 Re8 43. f3 Rg8+ 44. Kh2 Qc5 45. Qd2 Qe5+ 46. f4 Qxe4 47. Qa2+ Ke7 48. Qa7+ Ke8 49. Qb8+ Kf7 50. Qc7+ {1-0 Carlsen,M (2855)-Mamedyarov,S (2762) Meltwater Tour Final chess24.com INT rapid 2021 (2.4)}) 9. O-O Be6 10. Ne5 {White is slightly better.} (10. dxc5 Bxc5 11. Rc1 Ba7 12. Ne5 O-O 13. Nxc6 bxc6 14. Na4 d4 15. exd4 Bxd4 16. Rxc6 Ne4 17. Bf3 Nxf2 18. Rxf2 Bxf2+ 19. Kxf2 Qf6 20. Bc7 Rad8 21. Bxd8 Rxd8 22. Qc2 Qf4 23. Kg1 Rd2 24. Qc3 Bd5 25. Rc8+ Kh7 26. Rd8 Rxg2+ 27. Bxg2 Bxg2 28. Kxg2 Qg5+ 29. Kf1 Qxd8 30. Nc5 Qh4 31. h3 a5 32. a3 Qf4+ 33. Ke1 g5 34. Qd3+ Kg8 35. Kd1 Qf2 36. b4 axb4 37. axb4 h5 38. Qd8+ Kh7 39. Qxg5 Qf1+ 40. Kd2 Qxh3 41. Ne4 Qh2+ 42. Ke3 Qh3+ 43. Kd4 Qd7+ 44. Qd5 Qa7+ 45. Kc3 Qa3+ 46. Kc4 Qc1+ 47. Kb5 Qf1+ 48. Ka5 Qa1+ 49. Kb6 Qg1+ 50. Kb7 Qg6 51. Ng5+ Kg7 52. b5 h4 53. b6 f6 54. Ne6+ Kh6 {1-0 Kosic,D (2495)-Mihajlovic,V (2370) MNT-chT Tivat 2011 (1.5)}) 10... Rc8 {[#]} (10... Qa5 11. Qb3 Qb4 12. Nxc6 bxc6 13. Qxb4 cxb4 14. Na4 Ne4 15. Rfc1 Bd7 16. f3 Nd6 17. Nc5 Nb5 18. a4 bxa3 19. bxa3 Bxc5 20. Rxc5 Ke7 21. a4 Nd6 22. Ra5 Rhb8 23. Rxa6 Rxa6 24. Bxa6 Ra8 25. Bxd6+ Kxd6 26. Bd3 c5 27. dxc5+ Kxc5 28. a5 Bc8 29. Kf2 Kb4 30. a6 Kc5 31. Ra5+ Kd6 32. Ke2 Bd7 33. Kd2 Rc8 34. a7 Bc6 35. e4 dxe4 36. Bxe4 Bxe4 37. fxe4 Ra8 38. Kd3 Kc6 39. Kc4 Kb6 40. Kb4 Kc6 41. Ra6+ Kc7 42. Kb5 Kb7 43. Ra1 {1-0 Thorn,E (2366)-Cederstam Barsk,C (2332) SWE-chB Uppsala 2022 (3)}) (10... cxd4 11. Nxc6 bxc6 12. Qxd4 c5 $6 13. Qa4+ Bd7 14. Qb3 $16) 11. dxc5 $146 ({Asleep as usual: I should play} 11. Nxc6 $1 Rxc6 (11... bxc6 $4 12. Bxa6 $18) 12. dxc5 (12. Be5 $5) 12... Bxc5 13. Be5 O-O 14. Bf3 Nd7 15. Bd4 Nb6 16. Bxc5 Rxc5 17. Qd4 $14 {0-1 Rustemov,A (2525)-Fedoseev,V (2701) Titled Tuesday intern op 26th Apr Late Chess.com INT blitz 2022 (6)} Rc4 18. Qd2 d4 19. Rfd1 Rb4 20. b3 Nd7 21. Ne2 Qe7 22. Nxd4 Ne5 23. Rac1 Rb6 24. Qc3 Nxf3+ 25. Nxf3 Bg4 26. Qc7 Qf6 27. Qg3 Bxf3 28. Qxf3 Qb2 29. Ra1 Rc6 30. Rdb1 Qa3 31. g3 Rfc8 32. Rd1 Qb2 33. Qd5 Rf6 34. Rf1 Rc2 35. Qd8+ Kh7 36. Qd3+ g6 37. Qd4 Rfxf2 38. Rxf2 Rxf2 39. Qxb2 Rxb2 40. Rd1 b5 41. Rd7 Kg7 42. e4 Rxa2 43. e5 Re2 44. Rd5 Re3 45. b4 Re4 46. Rd6 Rxe5 47. Rxa6 Re4 48. Rb6 Rxb4 49. h4 Rb2 50. Kf1 b4 51. Rb7 h5 52. Rb6 b3 53. Rb7 Kf6 54. Rb5 Ke6 55. Kg1 Kd6 56. Rb7 Kc5 57. Kf1 Kc4 58. Rc7+ Kd3 59. Rd7+ Ke3 {0-1 Rustemov,A (2525)-Fedoseev,V (2701) Titled Tuesday intern op 26th Apr Late Chess.com INT blitz 2022 (6)}) 11... Bxc5 12. Bf3 {Insufficiently thought through -- keeping an eye on a6, so that Nxc6 has to be captured with the rook, is more logical.} (12. Nxc6 Rxc6 13. Be5) 12... O-O 13. Rc1 Ba7 (13... Qe7) 14. Qe2 {[#]} Qa5 $1 15. Rfd1 Rfd8 16. Nxc6 bxc6 17. b3 {This will bite White in a few moves.} (17. Be5 Nd7 18. Bg3 Nf6 {draw?}) 17... Bc5 $5 {White has trouble avoiding losing an exchange!} (17... d4 18. exd4 Bxd4 19. Ne4 (19. Na4 {isn't so bad, rim or not}) 19... Nxe4 20. Bxe4 $11 {White's structural advantage is on paper only; Black is fine.}) 18. Na4 (18. Be5 $1 Ba3 19. Bxf6 gxf6 (19... Bxc1 $2 20. Bxd8 Qxc3 21. Bb6 $16 {[%csl Ra6]}) 20. Rc2 Bf5 21. e4 (21. Bg4 $5 Bxc2 22. Qxc2 {White has full compensation with Black's dreadful pawns.}) 21... dxe4 22. Rxd8+ Rxd8 23. Nxe4 {Here also the broken pawns give White some bit of pull -- as soon as he deals with the pin.} Qe5 {[%csl Ra1]} 24. g4 $1 Bxe4 {White has nothing much whichever way he recaptures.} 25. Qxe4 Qxe4 26. Bxe4 c5 $11) 18... Ba3 $15 19. Rc2 $2 (19. Ra1 {is lame, but probably the way to go. Black is "more equal" than White.} c5 $1 $15) 19... Bf5 $17 20. Rcd2 {[#]} Re8 $1 {This move got to me: It dodges Be5, so that 21...g5 and 22...g4 really is a problem.} ({But maybe more accurate was} 20... Bb4 21. Rb2 Re8) 21. g4 {Well something had to be done!} Bg6 {even better:} 22. h4 Ne4 {Good, but} (22... Bb4 23. Rd4 (23. Rb2 Rcd8) 23... c5 24. Rxd5 Nxd5 25. Bxd5 c4 $17) 23. Rd4 Be7 $2 {Permitting White to relieve all the pressure.} ({Black should play} 23... Bb4 $17) ({Or even} 23... Re6 $1) 24. h5 $11 Bh7 {[#]} 25. Bxe4 (25. Qe1 $1 $11 Qxe1+ {(necessary)} (25... Qb5 26. Bxe4 $1 dxe4 27. Nc3 Qb6 28. Rd7 $16) 26. Rxe1 $11 Rcd8 27. Bc7 Rc8 28. Bf4) 25... Bxe4 $17 {Black is back in the saddle...} 26. f3 Bh7 {[#]} 27. Nb2 $2 {[%mdl 8192]} (27. Qd2 $17 {was best of the betters.} Qxd2 $2 (27... Qd8 $17) (27... Qb5 $17) 28. R4xd2 $11) 27... Qxa2 $19 {Totally overlooked. White crumbles.} 28. Ra4 Qxb3 29. Rxa6 Bc5 30. Kf2 {[#]} d4 $1 31. Nd3 dxe3+ 32. Kg3 Bxd3 33. Rxd3 Qb1 34. Rd1 {[#]} Qxd1 $1 35. Qxd1 e2 36. Qe1 Bb4 $1 37. Qxb4 e1=Q+ 38. Qxe1 Rxe1 39. Ra4 c5 40. Rc4 Rd1 41. Be3 Rd5 42. f4 Kf8 43. Kf3 Ke7 44. g5 {That minute and a half on this move put me under 4 minutes (3:55).} Kd6 {And Ruiyang had (5:36)} 45. Kg4 Rd3 {Ruiyang took a minute and a half for this move, now 4:07} 46. Bc1 hxg5 47. Kxg5 Rd5+ 48. f5 {(3:02)} Rd1 {(3:29)} 49. Bb2 Rg1+ 50. Kf4 f6 51. h6 gxh6 52. Bxf6 Rf8 {[#]} 53. Bg7 $4 Rf1+ $4 54. Ke4 R8xf5 55. Bxh6 Rh5 $1 56. Be3 Rh4+ (56... Re5+ 57. Kd3 Rf3) 57. Kd3 Rd1+ 58. Kc3 Rxc4+ {(2:00)} 59. Kxc4 {(1:49) [#]} Rd5 $4 {Played after 16 seconds (including the delay) -- and a blunder!} (59... Kc6 {removes White's last gasp:} 60. Bg5 Rd4+ 61. Kb3 Rg4 62. Bf6 Kd5 63. Bh8 Rg3+ 64. Kc2 Kc4 65. Kd2 Kb3) 60. Bf2 $4 ({How did I miss} 60. Kb5 $1 $11 {Black can't undo the mess she's in now: White has e3, f2 and g1 for the bishop to keep an eye on Pc5, which can't move without getting taken, leading to rook vs. bishop: it's a surprising draw!}) 60... Kc6 61. Be3 Re5 62. Bf2 Re4+ 63. Kd3 Ra4 64. Kc3 Kd5 65. Bg1 Ra3+ 66. Kb2 Rg3 0-1

[Event "2024 New Year TNM: 2000+"]
[Site "San Francisco"]
[Date "2024.01.30"]
[Round "4.2"]
[White "Shrauger, Alex Hayden"]
[Black "Hao, Max"]
[Result "1-0"]
[WhiteElo "2087"]
[BlackElo "2068"]
[PlyCount "73"]
[EventDate "2024.01.09"]
[EventType "swiss"]
[EventRounds "7"]

1. e4 c5 2. Nc3 e6 3. Nf3 d5 4. exd5 exd5 5. d4 Nf6 6. Bb5+ Bd7 7. Bxd7+ Nbxd7 8. O-O Be7 9. Re1 O-O 10. Bf4 a6 11. Qd2 c4 12. a3 Re8 13. Ne5 Nf8 14. h3 Ne6 15. Bh2 Qb6 16. Nf3 Rad8 17. Rab1 Bd6 18. Bxd6 Qxd6 19. Re5 b5 20. Qe3 Qc6 21. Re1 a5 22. Ng5 Nxg5 23. Qxg5 h6 24. Rxe8+ Rxe8 25. Rxe8+ Qxe8 26. Qe5 Qxe5 27. dxe5 b4 28. axb4 axb4 29. Na2 Nd7 30. Nxb4 Nxe5 31. Nxd5 f6 32. f4 Nc6 33. Kf2 Kf7 34. Ne3 Na5 35. Kf3 g5 36. f5 Ke7 37. Ke4 1-0

[Event "2024 New Year TNM: 2000+"]
[Site "San Francisco"]
[Date "2024.01.30"]
[Round "4.3"]
[White "Clemens, Kristian"]
[Black "Bambou, Christophe"]
[Result "1/2-1/2"]
[WhiteElo "1958"]
[BlackElo "2129"]
[Annotator "Clemens,Kristian"]
[PlyCount "117"]
[EventDate "2024.01.09"]
[EventType "swiss"]
[EventRounds "7"]

{This was my fourth game against Christophe Bambou, and only once in our previous three games did I manage to put up any resistance. In our last game, I got a real "welcome back to the open section" when I lost my queen in the first 13 moves.} 1. c4 e6 2. Nc3 d5 3. d4 h6 4. Nf3 Nf6 5. Bf4 Bd6 6. Bxd6 Qxd6 7. e3 O-O 8. Bd3 (8. c5 Qe7 9. Ne5 b6 (9... Nbd7 10. f4 Nxe5 11. fxe5 Nd7) 10. b4 a5 11. a3) 8... dxc4 9. Bxc4 c5 10. dxc5 Qxc5 {[%emt 0:00:02] White used 8 min so far, Black used 2} 11. Qd4 Qh5 (11... Qxd4 12. Nxd4 $11 {I would be happy to play this for White. I would probably try to sneak a knight in to d6 or simply develop with Ke2 or O-O followed by Rfd1 and either Rd2, Rad1 or Rac1.}) 12. O-O (12. Rd1 Nc6 13. Qh4) (12. Qe5 Qg4 13. Be2 Nc6 14. Qg3 Qb4 {The engine doesn't mind it, but this seems needlessly passive, and immediately putting my pieces in  reverse gear didn't seem like the way to go when I'm trying to prove  to myself that I can hang with a strong expert.}) 12... Nc6 13. Qh4 Qxh4 (13... Qa5 14. Rfd1) 14. Nxh4 Bd7 15. Nf3 a6 {[#] White used 22 minutes so far, Black used 14. I was happy with my position, and I think this is pretty easy to play for White: centralize or double the rooks and fight for the dark squares, particularly c5, e5, d6, etc.} 16. Rfd1 Rfd8 (16... b5 17. Be2 b4 18. Na4 Ne5 {+=}) 17. a3 Rac8 18. Rd2 {I spent some time checking whether Black has any constructive discoveries by moving the knight. I'm not entirely sure whether my decision to double on the d-file instead of playing Rac1 was strategically correct, since it's so easy for Black to trade off a pair of rooks, and the d-file didn't really help me much in the game.} (18. Rac1) 18... Be8 19. Rad1 Rxd2 20. Rxd2 {I assessed this as equal, with some long-range chances for White if Black drifts and lets himself get into a good knight vs. bad bishop endgame with all his pawns on light squares.} Kf8 {White: 1:17 left, Black: 1:32. Here I thought I couldn't be worse, given Black's undistinguished bishop, his pawns on light squares, and my solid development. But it's hard to know what to do next, since all of Black's weak spots are covered. I considered Be2, Nd4, Bf3, but I didn't want to help his bishop get to the active c6 square, and I certainly didn't want to help him trade it off. I decided to simply bring my king to the center, solving any back-rank issues, and see what my opponent had in mind.} 21. Kf1 Ng4 22. Be2 (22. h3 Nge5 23. Be2 Nxf3 24. Bxf3 {= Black can play Ke7, Rc7, Ne5,  Bc6 and claim equality.}) 22... Nce5 23. Nxe5 Nxe5 {I had no problem with this exchange, because now he only has two active pieces instead of three, and he still hasn't solved the problem of his bishop.} 24. Rd4 (24. f4 Nc4 25. Bxc4 Rxc4 26. Kf2 {This is totally fine for White,  but I wasn't confident in my evaluation of the minor piece imbalance.  I could see his bishop getting pretty active, and it's not that hard  to carry out f6, Ke7, e5 for Black. I played Rd4 to control the c4  square and avoid this decision altogether.}) 24... Bc6 25. f4 Nd7 {White: 58 min left, Black: 1:14. I spent 8 minutes on my next move.} 26. Rd2 {So that I have the option of not taking on e5 and isolating my pawn on e3 if he plays ...e5.} Ke7 27. Kf2 Nc5 28. Rd4 {[#] Taking control of the a4 and e4 squares. In positions like this, Capablanca was famous for temporarily ignoring his opponent's plans while figuring out the ideal squares for his pieces, then figuring out how to achieve that setup. I think it would be great if I could put my pawn on b4, my rook on c3, my knight on c5, d4, or e5, another pawn on g3, my king on d2, and my bishop wherever it can fit. I didn't end up carrying out this plan, because Black stirred up counterplay based on the c-file control and the activity of his pieces. I knew I couldn't allow ...Rc2.} Rc7 29. Rc4 Nb3 (29... Nd7 30. b4 b5 {=+}) 30. Bd1 (30. Rb4 Nc1 31. Bf1 a5 32. Rd4 Nb3) 30... Na5 {[%emt 0:00:50] White: 36 min left, Black:} 31. Rd4 {Now the knight is on a5 instead of c5, which I don't think helps Black. Whenever I get a free move, I'll play g3 to free my king.} b5 32. Be2 {To prevent ...Nc4. Now I am confident in my evaluation of the N vs. B imbalance- I'd rather have the knight, now that Black has committed his pawns to light squares.} Nb3 33. Rb4 Nc5 34. Rd4 Nb3 35. Rb4 Nc1 {[#] I knew that Black, with three wins in a row against me and a significantly higher rating, must be playing for a win, so I (rather unsportingly) decided to maintain the position and see if he would overpress and make a mistake.} 36. Bf1 (36. Rd4 Nxe2 37. Kxe2 {This would have also been fine.}) 36... Rd7 37. Rd4 (37. a4 a5 38. Rd4 b4 {And now I missed this idea, getting Black's  pawns on dark squares.}) 37... Rxd4 38. exd4 {I don't love getting an isolated queen's pawn with so few pieces on the board, but I recognized this as a special case in which it was OK, since my knight is the best and safest piece on the board, I still have my good bishop, and there's no easy way in for Black.} Nb3 39. Ke3 Kd6 40. g3 Bd5 {[#] White: 20 min left, Black: 36. I knew I needed to pick up the pace, since losing this position in a time scramble seemed like a really silly way to waste a perfectly fine position.} 41. Be2 (41. h4 Bc4 42. Bg2 Na5 43. Ne4+ Kc6 44. Nc5+ Kb6 45. Nd7+ Kc7 46. Ne5 f6 47. b4 {computer line}) 41... Na5 {It's all about the fight for c4 now. My plan was to keep my bishop on its diagonal, moving to the long diagonal if he played ...Bc4 and trading on c4 if he played ...Nc4.} 42. Bd3 Kc6 43. b4 Nb7 44. Kd2 {I liked my position, but I didn't know what to do here. This was a bit of a cop-out, although it's probably as good as any move. Maybe I should have taken advantage of his retreat to play a4.} (44. a4 Nd6 45. a5 (45. axb5+ axb5 {=})) 44... Nd6 45. a4 bxa4 46. Nxa4 (46. Bxa6 a3 47. Kc1 a2 48. Kb2 {was my plan, but he doesn't need to  play ...a3. This looked pretty suspicious for White, so I decided to  play it safe.}) 46... Bc4 47. Bc2 {The computer says the knight ending is drawn, but I decided to stick to the theme of playing against his bishop and only trading my bishop for his knight.} Kd5 48. Ke3 {[#]} Kc6 (48... Bf1 $1 {A computer move that I didn't see. My knight is  misplaced on a4.} 49. Nc5 (49. Bb3+ Nc4+ 50. Bxc4+ Kxc4 {}) 49... Nc4+ 50. Kf2 Kxd4 51. Kxf1 Ne3+ 52. Ke2 Nxc2 53. Nxa6 {}) 49. Nc3 {Now the blockade is in place again. I shouldn't have tried a4 in the first place.} Nb5 50. Ba4 {My opponent said after the game that he missed this pin, although it's definitely still drawn.} Kd6 51. Bxb5 Bxb5 {I did pick up the pace in the last 15 moves- I had 6 minutes, and my opponent had 5. I decided to trade pawns on the kingside to go for the draw instead of taking my chances in a time scramble.} 52. h4 $11 {[#]} Bc4 53. g4 f6 54. g5 fxg5 55. fxg5 hxg5 56. hxg5 e5 57. Ke4 (57. dxe5+ Kxe5 {and I have to worry about my g5 pawn.}) 57... exd4 58. Kxd4 Bf1 {Black offered a draw with 2:19 left, I accepted with 3:51 left. This was an evenly played game against one of the tournament's most dangerous attackers. What did I learn from this game? It's better to trade queens on move 13 than lose your queen on move 13!} 59. Ke4 1/2-1/2

[Event "2024 New Year TNM: 2000+"]
[Site "San Francisco"]
[Date "2024.01.30"]
[Round "4.4"]
[White "Sant, Amit"]
[Black "Dasika, Archit"]
[Result "1-0"]
[WhiteElo "1882"]
[BlackElo "2235"]
[PlyCount "143"]
[EventDate "2024.01.09"]
[EventType "swiss"]
[EventRounds "7"]

1. d4 d5 2. Nf3 Nf6 3. e3 Bf5 4. c4 c6 5. Nc3 e6 6. Nh4 Bg4 7. Qb3 Qc7 8. h3 Bh5 9. cxd5 cxd5 10. Bd2 Nc6 11. Rc1 Be7 12. g4 Bg6 13. Nxg6 hxg6 14. Bg2 O-O 15. f4 Na5 16. Qd1 Qd7 17. g5 Nh5 18. Nxd5 exd5 19. Bxa5 Ng3 20. Rg1 Nf5 21. Qb3 Bd6 22. Kf2 b6 23. Bd2 Rad8 24. Rge1 Bb8 25. Kg1 Rfe8 26. Qd3 Ng3 27. Rc3 Kh7 28. Kh2 Ne4 29. Bxe4 Rxe4 30. Rec1 Qf5 31. Kg2 Rde8 32. Rf1 f6 33. gxf6 Qxf6 34. h4 Qf5 35. Rf3 Bd6 36. Rc6 Bb8 37. Qf1 Qd7 38. Rc2 Rf8 39. Kg3 Bd6 40. Qh3 Rf5 41. Qg4 Be7 42. Bc1 Qd6 43. Rff2 Rh5 44. Rh2 Qb4 45. Bd2 Qb5 46. Qf3 Qd3 47. Rc3 Qb1 48. Rc6 Qxb2 49. Qg4 Bf6 50. Qd7 Re7 51. Qc8 Bxh4+ 52. Rxh4 Rxh4 53. Rc2 Qb1 54. Kxh4 Rf7 55. Bc1 Rf5 56. Kg4 Rh5 57. f5 Rxf5 58. Rh2+ Rh5 59. Rxh5+ gxh5+ 60. Kxh5 Qg6+ 61. Kh4 Qe4+ 62. Kg5 Qe7+ 63. Kh5 g6+ 64. Kg4 Qe4+ 65. Kg5 Qg2+ 66. Qg4 Qc2 67. Qd7+ Kh8 68. Kf6 Qf2+ 69. Kxg6 Qg2+ 70. Kf6 Qf1+ 71. Qf5 Qh1 72. Qc8+ 1-0

[Event "2024 New Year TNM: 2000+"]
[Site "San Francisco"]
[Date "2024.01.30"]
[Round "4.7"]
[White "Wu, Zhuoyuan"]
[Black "Srinivasan, Sivavishnu"]
[Result "0-1"]
[WhiteElo "1861"]
[BlackElo "1903"]
[PlyCount "52"]
[EventDate "2024.01.09"]
[EventType "swiss"]
[EventRounds "7"]

1. e4 c6 2. d4 d5 3. f3 g6 4. Nd2 Bg7 5. Nb3 dxe4 6. fxe4 e5 7. Nf3 Bg4 8. Be3 Qe7 9. Qd3 f5 10. Nxe5 fxe4 11. Qc3 Bxe5 12. dxe5 b6 13. Be2 Bxe2 14. Kxe2 Qe6 15. Rhf1 Ne7 16. h3 Nd5 17. Qd4 Nd7 18. Bg5 Qxe5 19. c4 Qxd4 20. Nxd4 Nc7 21. Rf4 Nc5 22. b4 Na4 23. Rxe4+ Kd7 24. Re7+ Kd6 25. Rb1 Rhf8 26. Nf3 h6 0-1